[Event "Southend Easter U1900 op 67th"]
[Site "Southend"]
[Date "2025.04.18"]
[Round "1"]
[White "Saxena, Advik"]
[Black "Faheem, Muhammad"]
[Result "1-0"]
[WhiteElo "1787"]
[BlackElo "1624"]
[PlyCount "73"]
[EventDate "2025.04.18"]
[EventType "swiss"]
[EventRounds "7"]
[EventCountry "ENG"]
[SourceTitle "CB18_2025"]
[SourceDate "2025.04.30"]
[SourceVersion "1"]
[SourceVersionDate "2025.04.30"]
[SourceQuality "1"]

1. e4 d5 2. exd5 Qxd5 3. Nc3 Qa5 4. Nf3 Nf6 5. Bc4 Bg4 6. Qe2 Nc6 7. Bb5 a6 8. Bxc6+ bxc6 9. 0-0 e6 10. h3 Bh5 11. Qe5 Qb6 12. Ng5 Bd6 13. Qe3 Bc5 14. Qe1 h6 15. Nge4 Be7 16. Nxf6+ Bxf6 17. Ne4 Be5 18. Qe3 Bd4 19. Qg3 Bg6 20. d3 0-0 21. c3 Bc5 22. Bf4 Bxe4 23. dxe4 Kh8 24. b4 Be7 25. Bxc7 Qb5 26. a4 Qc4 27. f3 c5 28. bxc5 Qxc3 29. Bd6 Rfe8 30. Kh1 Rac8 31. Be5 Qxe5 32. Qxe5 Rxc5 33. Qg3 Rg5 34. Qf2 Rd8 35. Rfd1 Rc8 36. Rac1 Rb8 37. Qa7 1-0